[Event "26. Offene Hamburger SEM 2019 65+"]
[Site "Hamburg"]
[Date "2019.11.13"]
[Round "3.2"]
[White "Schulz, Wolfgang"]
[Black "Pfitzer, Norbert"]
[Result "0-1"]
[WhiteElo "1907"]
[BlackElo "1955"]
[PlyCount "108"]
[EventDate "2019.??.??"]
[WhiteTeam "Hamburger SK von 1830 eV"]
[BlackTeam "SV Backnang"]

{[%evp 0,75,19,28,37,37,75,41,47,46,48,-3,21,-13,-13,-54,-37,-89,13,16,21,-9,-3,6,9,7,9,-11,-4,-157,-162,-136,-167,-172,-141,-144,-150,-164,-169,-180,-177,-217,-217,-203,-191,-201,-202,-217,-185,-185,-174,-324,-355,-357,-414,-414,-414,-414,-335,-314,-222,-213,-188,-265,-219,-298,-193,-228,339,116,116,116,116,29,29,29,29,0]} 1. e4 e5 2. Nf3 d6 3. Bc4 Be7 4. O-O Nf6 5. Re1 Nc6 6. c3 Nxe4 7. d4 d5 8. dxe5 Be6 9. Bb5 O-O 10. Be3 a6 11. Bxc6 bxc6 12. Nd4 Bd7 13. f3 Nc5 14. Nd2 Nd3 15. Rf1 c5 16. N4b3 Nxb2 17. Qc2 Na4 18. f4 g6 19. Nf3 Rb8 20. Rf2 c4 21. Nbd4 c5 22. Ne2 Nb2 23. Rff1 Nd3 24. Rab1 Bf5 25. Ng3 Nb4 26. Nxf5 Nxc2 27. Rxb8 Qxb8 28. Nxe7+ Kg7 29. Bxc5 Re8 30. f5 h6 31. f6+ Kh7 32. e6 fxe6 33. f7 Rxe7 34. Ng5+ hxg5 35. Bxe7 Qa7+ 36. Kh1 Qxe7 37. f8=Q Qxf8 38. Rxf8 Kg7 39. Rf2 Na3 40. Kg1 Nb5 41. Rf3 g4 42. Re3 Kf6 43. Kf2 e5 44. a4 Nd6 45. Ke1 Kf5 46. g3 Ne4 47. Kd1 a5 48. Kc2 d4 49. cxd4 exd4 50. Re1 d3+ 51. Kb1 c3 52. Rf1+ Ke5 53. Kc1 Nd2 54. Re1+ Kd4 0-1

[Event "26. Offene Hamburger SEM 2019 65+"]
[Site "Hamburg"]
[Date "2019.11.13"]
[Round "3.3"]
[White "Kreutzkamp, Hans-Rudolf"]
[Black "Emami, Madjid"]
[Result "1-0"]
[WhiteElo "1948"]
[BlackElo "1907"]
[PlyCount "63"]
[EventDate "2019.??.??"]
[WhiteTeam "SK Union Eimsbuettel eV"]
[BlackTeam "Hamburger SK von 1830 eV"]

{[%evp 0,63,19,30,101,74,83,71,79,64,63,31,54,26,36,-4,22,0,53,57,54,-28,69,69,72,95,128,34,56,65,162,44,148,68,178,187,160,208,217,199,257,257,226,250,256,257,268,267,251,237,440,407,509,450,406,371,351,309,416,351,377,330,548,430,430,476]} 1. e4 g6 2. d4 Bg7 3. Nc3 c5 4. d5 d6 5. Be3 a6 6. a4 Nf6 7. f3 O-O 8. Qd2 e6 9. dxe6 fxe6 10. e5 Nfd7 11. exd6 Nc6 12. Nh3 Qh4+ 13. Bf2 Qb4 14. Nd1 Nde5 15. c3 Qa5 16. Be2 Rd8 17. Bh4 Rd7 18. Ndf2 c4 19. Ne4 Nd3+ 20. Bxd3 cxd3 21. Qxd3 Ne5 22. Qe2 Nf7 23. Be7 b5 24. Nhg5 bxa4 25. Nxf7 Rxe7 26. dxe7 Kxf7 27. O-O Kxe7 28. Qc4 Rb8 29. b4 Qb6+ 30. Nc5 e5 31. Kh1 Bf5 32. Rxa4 1-0

[Event "26. Offene Hamburger SEM 2019 65+"]
[Site "Hamburg"]
[Date "2019.11.13"]
[Round "3.5"]
[White "Stuhlmann, Alexander"]
[Black "Szenetra, Werner"]
[Result "0-1"]
[WhiteElo "1759"]
[BlackElo "2133"]
[PlyCount "66"]
[EventDate "2019.??.??"]
[WhiteTeam "SK Johanneum Eppendorf"]
[BlackTeam "SV Berenbostel"]

{[%evp 0,66,19,-12,29,5,35,12,19,14,28,26,37,6,-1,3,7,9,38,34,18,15,15,-28,-20,-20,15,-28,-66,-65,-63,-63,-74,-67,-44,-84,-73,-103,-103,-122,-71,-79,-46,-58,-33,-84,-61,-88,-88,-74,-88,-102,-80,-90,-88,-149,-108,-105,-102,-125,-131,-138,-108,-103,0,-29997,-29998,-29999,-30000]} 1. c4 d6 2. Nc3 g6 3. g3 Bg7 4. Bg2 Nd7 5. d3 e5 6. e4 Ne7 7. Nge2 O-O 8. O-O c6 9. b4 f5 10. Qb3 Kh8 11. f4 Qb6+ 12. Kh1 a5 13. Ba3 axb4 14. Bxb4 Nc5 15. Bxc5 Qxc5 16. a4 Ra7 17. Qa3 exf4 18. Qxc5 dxc5 19. gxf4 Rd8 20. Rad1 Be6 21. Rfe1 Bd4 22. exf5 Nxf5 23. Nxd4 cxd4 24. Ne4 Ne3 25. Rd2 Rf8 26. Rf2 Bf5 27. Ra2 Bxe4 28. Bxe4 Rxf4 29. Kg1 Ra5 30. Rb2 Rg5+ 31. Kh1 Rf7 32. Rg1 Rxg1+ 33. Kxg1 Rf1# 0-1

[Event "26. Offene Hamburger SEM 2019 65+"]
[Site "Hamburg"]
[Date "2019.11.13"]
[Round "3.6"]
[White "Gollasch, Theo-Heinz"]
[Black "Porth, Hartmut"]
[Result "0-1"]
[WhiteElo "1944"]
[BlackElo "1990"]
[PlyCount "86"]
[EventDate "2019.??.??"]
[WhiteTeam "Hamburger SK von 1830 eV"]
[BlackTeam "SV Bargteheide"]

{[%evp 0,83,19,30,28,-5,15,16,13,14,27,27,31,26,12,43,49,51,53,26,42,61,85,6,-19,-31,-22,-25,-8,-15,-4,-50,-46,-45,-45,-77,-71,-52,-53,-77,-77,-77,-77,-120,-123,-115,-111,-156,-140,-141,-139,-208,-208,-239,-247,-248,-249,-245,-231,-262,-270,-325,-291,-292,-296,-309,-313,-313,-301,-313,-313,-331,-312,-358,-374,-381,-526,-694,-333,-463,-470,-464,-464,-622,-634,-893]} 1. Nf3 Nf6 2. g3 g6 3. c4 Bg7 4. Nc3 d6 5. d4 O-O 6. Bg2 a6 7. O-O Nc6 8. d5 Na5 9. Qd3 c5 10. e4 Rb8 11. Bd2 b5 12. cxb5 axb5 13. Rfe1 b4 14. Nd1 Bd7 15. Rb1 Bb5 16. Qc2 Nc4 17. Bc1 Ng4 18. b3 Nce5 19. Nxe5 Nxe5 20. Nb2 Ra8 21. Nc4 Bxc4 22. bxc4 Qa5 23. Bg5 f6 24. Bf4 Qxa2 25. Qxa2 Rxa2 26. Bxe5 fxe5 27. f3 Rfa8 28. Bf1 Bh6 29. Re2 Ra1 30. Reb2 Rxb1 31. Rxb1 Ra2 32. h4 Be3+ 33. Kh1 Bf2 34. Kg2 Bd4+ 35. Kh3 h5 36. g4 Be3 37. Re1 Bf4 38. Re2 Ra3 39. Rf2 Rc3 40. gxh5 gxh5 41. Kg2 b3 42. Be2 b2 43. Rf1 Bc1 0-1

[Event "26. Offene Hamburger SEM 2019 65+"]
[Site "Hamburg"]
[Date "2019.11.13"]
[Round "3.7"]
[White "Kornrumpf, Joachim"]
[Black "Ditmas, Hugh"]
[Result "1-0"]
[WhiteElo "2054"]
[BlackElo "1888"]
[PlyCount "87"]
[EventDate "2019.??.??"]
[WhiteTeam "Preetzer TSV"]
[BlackTeam "Bremer SG von 1877"]

1. c4 Nf6 2. Nc3 e6 3. e4 d5 4. e5 d4 5. exf6 dxc3 6. bxc3 Qxf6 7. Nf3 Nc6 8. d4 e5 9. Bg5 Qg6 10. h4 h6 11. Be3 Bg4 12. d5 e4 13. dxc6 exf3 14. cxb7 Rb8 15. Qa4+ c6 16. Qxa7 Bd6 17. O-O-O O-O 18. Bd3 Qf6 19. Bd4 Be5 20. g3 Rfd8 21. Be4 Bxd4 22. Rxd4 Re8 23. Rhd1 Qe5 24. c5 Qc7 25. Bxc6 Qxc6 26. Rxg4 Rxb7 27. Qa5 Kh7 28. Rb4 Re2 29. Rd2 Re1+ 30. Rd1 Rbe7 31. Qb5 Qe6 32. Qd3+ g6 33. c4 Qe5 34. Rb2 Qxc5 35. Qc3 R1e4 36. Rb8 f6 37. Rb4 Qxf2 38. Qxf6 Qe3+ 39. Kb1 f2 40. Rb8 Rg7 41. Qf8 g5 42. h5 Re8 43. Qxe8 Qd3+ 44. Kb2 1-0

[Event "26. Offene Hamburger SEM 2019 65+"]
[Site "Hamburg"]
[Date "2019.11.13"]
[Round "3.8"]
[White "Villing, Dieter"]
[Black "Neldner, Frank"]
[Result "1-0"]
[WhiteElo "1956"]
[BlackElo "1482"]
[PlyCount "71"]
[EventDate "2019.??.??"]
[WhiteTeam "SK 1912 Ludwigshafen"]
[BlackTeam "Hamburger SK von 1830 eV"]

{[%evp 0,71,19,31,25,37,13,19,16,5,18,18,63,59,75,77,60,33,43,35,57,53,49,-93,-95,-80,-95,-95,-31,-31,130,71,75,46,96,96,96,96,96,96,96,86,96,91,83,94,96,98,148,148,159,112,130,134,150,150,314,314,361,215,383,242,515,364,672,544,1024,1104,1270,1016,1141,1301,1487,1441]} 1. e4 e5 2. Nf3 Nc6 3. Nc3 Nf6 4. d4 exd4 5. Nxd4 Nxd4 6. Qxd4 d6 7. Bf4 Be7 8. O-O-O O-O 9. Bc4 a6 10. Rhe1 b5 11. Bb3 c5 12. Qe3 c4 13. e5 Ne8 14. exd6 Bxd6 15. Bxd6 Nxd6 16. Ne4 Nf5 17. Rxd8 Nxe3 18. Rxf8+ Kxf8 19. Rxe3 cxb3 20. axb3 Bb7 21. f3 Re8 22. Kd2 Bxe4 23. Rxe4 Rxe4 24. fxe4 Ke7 25. Kd3 Kd6 26. Kd4 f6 27. b4 g6 28. g4 Kc6 29. b3 Kd6 30. c4 bxc4 31. bxc4 h6 32. h4 g5 33. hxg5 hxg5 34. b5 a5 35. c5+ Kc7 36. Kc4 1-0

[Event "26. Offene Hamburger SEM 2019 65+"]
[Site "Hamburg"]
[Date "2019.11.13"]
[Round "3.9"]
[White "Berking, Bernhard"]
[Black "Krotofil, Kurt"]
[Result "0-1"]
[WhiteElo "1485"]
[BlackElo "1756"]
[PlyCount "76"]
[EventDate "2019.??.??"]
[WhiteTeam "SchVgg Blankenese von 1923 eV"]
[BlackTeam "Niendorfer TSV 1919 SAbt"]

{[%evp 0,59,19,-12,-14,-22,19,16,11,-11,-4,-14,9,-4,4,18,-9,14,4,-13,-6,-4,-5,-72,-27,-21,12,8,3,7,11,1,23,16,17,-9,0,-17,-9,-15,6,15,30,30,94,-29,26,-222,-233,-547,-347,-328,-335,-334,-300,-300,-300,-300,-251,-367,-379,-390]} 1. c4 Nf6 2. Nc3 c5 3. Nf3 Nc6 4. d4 cxd4 5. Nxd4 g6 6. g3 d6 7. Bg2 Bd7 8. O-O Bg7 9. Be3 Ng4 10. Nxc6 Nxe3 11. Qd3 Bxc6 12. Qxe3 Bxg2 13. Kxg2 O-O 14. Rac1 Qd7 15. b3 Rfc8 16. Rfd1 b6 17. Rd3 Rc5 18. Qf3 Rac8 19. Rd5 Qe6 20. Rxc5 Rxc5 21. Qa8+ Bf8 22. Nd5 Qc8 23. Qxa7 Rxd5 24. Rc3 Ra5 25. Qxb6 Rxa2 26. e4 Qc5 27. Qxc5 dxc5 28. Rd3 Rb2 29. Rf3 Bg7 30. g4 Bd4 31. h4 f6 32. g5 Kf7 33. Kg3 Ke6 34. Kg2 Ke5 35. gxf6 exf6 36. Kg3 Rxf2 37. Rxf2 Bxf2+ 38. Kxf2 Kxe4 0-1

[Event "26. Offene Hamburger SEM 2019 65+"]
[Site "Hamburg"]
[Date "2019.11.13"]
[Round "3.10"]
[White "Chmielewski, Axel"]
[Black "Kaiser, Guenther"]
[Result "1-0"]
[WhiteElo "1746"]
[BlackElo "1456"]
[PlyCount "81"]
[EventDate "2019.??.??"]
[WhiteTeam "Volksdorfer SK 1948"]
[BlackTeam "SK Union Eimsbuettel eV"]

1. d4 d5 2. c4 e6 3. Nf3 Nf6 4. Bg5 Be7 5. e3 b6 6. cxd5 Qxd5 7. a3 Nbd7 8. Nc3 Qb7 9. Rc1 O-O 10. Bd3 c5 11. O-O cxd4 12. exd4 Qb8 13. Bb5 Rd8 14. Qe2 Nf8 15. Rfd1 Bb7 16. Ne5 Nd5 17. Bxe7 Nxe7 18. Qh5 Nfg6 19. Ne2 Nxe5 20. dxe5 Rd5 21. Bd3 Ng6 22. f4 Qd8 23. Bc2 Rc8 24. Bb3 Rxc1 25. Rxc1 Rd2 26. Bc2 Ba6 27. Nc3 Qd4+ 28. Kh1 Qf2 29. Be4 Bd3 30. Nd5 f5 31. Rc8+ Kf7 32. Rc7+ Ke8 33. Rc8+ Kd7 34. Rd8+ Kc6 35. Nb4+ Kc5 36. Nxd3+ Kb5 37. Nxf2 Rxd8 38. Bd3+ Kc5 39. Qf3 Rd4 40. g3 b5 41. Qb7 1-0

[Event "26. Offene Hamburger SEM 2019 65+"]
[Site "Hamburg"]
[Date "2019.11.13"]
[Round "3.11"]
[White "Tscherepanov, Leon"]
[Black "Hinrichs, Winfried"]
[Result "0-1"]
[WhiteElo "1732"]
[BlackElo "1424"]
[PlyCount "54"]
[EventDate "2019.??.??"]
[WhiteTeam "Hamburger SK von 1830 eV"]
[BlackTeam "Langenhorner SF 1928"]

{[%evp 0,54,19,31,25,-16,57,30,37,32,57,46,58,39,22,4,58,41,41,41,41,41,46,75,53,18,18,18,13,-3,110,130,115,107,134,128,152,129,136,115,118,114,128,66,145,158,174,135,480,352,348,345,359,446,484,-522,-533]} 1. d4 Nf6 2. c4 g6 3. Nc3 Bg7 4. e4 O-O 5. e5 Ne8 6. f4 d6 7. Nf3 Nd7 8. Be2 c5 9. O-O cxd4 10. Qxd4 dxe5 11. fxe5 Qb6 12. Be3 Qxd4 13. Bxd4 Nc7 14. Nd5 Ne6 15. Nxe7+ Kh8 16. Bc3 Re8 17. Nd5 Rb8 18. b4 b6 19. Rae1 Bb7 20. Bd1 Rbc8 21. Bb3 Nd8 22. Ba1 Nc6 23. Ng5 Nd8 24. Nxf7+ Nxf7 25. Rxf7 Bxd5 26. cxd5 Nxe5 27. Ref1 Nxf7 0-1

[Event "26. Offene Hamburger SEM 2019 65+"]
[Site "Hamburg"]
[Date "2019.11.13"]
[Round "3.12"]
[White "Keunecke, Hanno"]
[Black "Krueger, Dietrich"]
[Result "1-0"]
[WhiteElo "1675"]
[BlackElo "1042"]
[PlyCount "103"]
[EventDate "2019.??.??"]
[WhiteTeam "Langenhorner SF 1928"]
[BlackTeam "Hamburger SK von 1830 eV"]

1. e4 Nc6 2. Nf3 a6 3. d4 d5 4. exd5 Qxd5 5. Nc3 Qd6 6. Be2 Bf5 7. O-O O-O-O 8. Be3 e6 9. a3 Be7 10. Qd2 h6 11. Rad1 g5 12. d5 Ne5 13. Nxe5 Qxe5 14. Bd4 Qd6 15. Bxh8 f6 16. Bd3 h5 17. Bxf5 exf5 18. Qe2 Nh6 19. Bg7 Ng4 20. Qe6+ Rd7 21. Qxd6 Bxd6 22. h3 Rxg7 23. hxg4 hxg4 24. Rfe1 Rh7 25. g3 f4 26. Ne4 Be5 27. Nxg5 Rh5 28. Rxe5 fxe5 29. Ne6 Rf5 30. Re1 Kd7 31. c4 c6 32. Nc5+ Kc7 33. gxf4 exf4 34. dxc6 Rxc5 35. cxb7 Kxb7 36. Re4 Rf5 37. b4 Kb6 38. Re6+ Kb7 39. Kg2 Rf7 40. Rg6 Rc7 41. c5 a5 42. Rxg4 Ka6 43. Rxf4 Kb5 44. Re4 Ka4 45. Rc4 Kxa3 46. b5 Kb3 47. Rc1 a4 48. b6 Rb7 49. c6 Kb2 50. cxb7 Kxc1 51. b8=Q a3 52. Qe5 1-0

[Event "26. Offene Hamburger SEM 2019 65+"]
[Site "Hamburg"]
[Date "2019.11.13"]
[Round "3.13"]
[White "Raedisch, Peter"]
[Black "Marquardt, Rolf"]
[Result "1-0"]
[WhiteElo "1477"]
[BlackElo "1632"]
[PlyCount "119"]
[EventDate "2019.??.??"]
[WhiteTeam "SF Hamburg eV 1934"]
[BlackTeam "Langenhorner SF 1928"]

1. e4 e6 2. Nf3 d5 3. exd5 exd5 4. d4 Bd6 5. Be3 Ne7 6. Nc3 c6 7. Bd3 Bf5 8. h3 Nd7 9. Nh4 Bxd3 10. Qxd3 O-O 11. Nf5 Nxf5 12. Qxf5 Re8 13. O-O Nf6 14. Rad1 Qb6 15. b3 Re6 16. Na4 Qc7 17. Nc5 Re7 18. Bg5 Bxc5 19. Bxf6 Re6 20. Bxg7 Kxg7 21. dxc5 Rae8 22. Qg4+ Rg6 23. Qf3 Ree6 24. Rde1 Qe7 25. Qc3+ Kg8 26. Rxe6 Rxe6 27. b4 a6 28. a3 Re5 29. Qd3 Qe6 30. Qg3+ Kf8 31. c3 h6 32. Rd1 Re1+ 33. Rxe1 Qxe1+ 34. Kh2 Qe7 35. Qe3 Qf6 36. Qd4 Ke7 37. Qxf6+ Kxf6 38. Kg3 Ke5 39. Kf3 d4 40. cxd4+ Kxd4 41. h4 a5 42. g4 a4 43. Kf4 Kc3 44. h5 Kb3 45. g5 hxg5+ 46. Kxg5 Kxa3 47. h6 Kxb4 48. h7 Kxc5 49. h8=Q b5 50. Qc3+ Kb6 51. f4 c5 52. Kf6 b4 53. Qc1 Kb5 54. Kxf7 b3 55. Qe3 c4 56. Ke6 c3 57. Kd5 b2 58. Qc5+ Ka6 59. Qb4 a3 60. Kc6 1-0

[Event "26. Offene Hamburger SEM 2019 65+"]
[Site "Hamburg"]
[Date "2019.11.13"]
[Round "3.14"]
[White "Duemmke, Juergen"]
[Black "Hinke, Gerhard"]
[Result "1-0"]
[WhiteElo "1831"]
[BlackElo "1470"]
[PlyCount "91"]
[EventDate "2019.??.??"]
[WhiteTeam "SV Grosshansdorf"]
[BlackTeam "Mummelmannsberger SV"]

1. e4 e6 2. d4 d5 3. Nc3 dxe4 4. Nxe4 Nd7 5. Nf3 Ngf6 6. Nxf6+ Nxf6 7. Bd3 b6 8. O-O Bb7 9. Bg5 Be7 10. Qe2 Nd5 11. Bd2 Nb4 12. Bxb4 Bxf3 13. Qxf3 Bxb4 14. Qc6+ Ke7 15. c3 Bd6 16. f4 Qd7 17. Qe4 f5 18. Qe2 Kf6 19. Rae1 c6 20. Bc4 Rae8 21. Qh5 g6 22. Qh6 Bf8 23. Qh4+ Kg7 24. Rf3 Be7 25. Qf2 Bd6 26. Rfe3 Qc7 27. g3 e5 28. fxe5 Be7 29. g4 Rhf8 30. gxf5 Rxf5 31. Rf3 Ref8 32. Ree3 Bg5 33. Rd3 Qe7 34. Rxf5 Rxf5 35. Rf3 Qf8 36. Kg2 Rxf3 37. Qxf3 Qxf3+ 38. Kxf3 Bc1 39. Ke4 Bxb2 40. Kd3 g5 41. Be6 h5 42. Bd7 c5 43. d5 Kf7 44. d6 Ba3 45. e6+ Kf6 46. e7 1-0

[Event "26. Offene Hamburger SEM 2019 65+"]
[Site "Hamburg"]
[Date "2019.11.13"]
[Round "3.16"]
[White "Wichmann, Dieter"]
[Black "Eberhardt, Michael"]
[Result "1/2-1/2"]
[WhiteElo "1458"]
[BlackElo "1487"]
[PlyCount "73"]
[EventDate "2019.??.??"]
[WhiteTeam "Hamburger SK von 1830 eV"]
[BlackTeam "SC Agon Neumuenster"]

{[%evp 0,52,23,23,23,23,31,49,45,37,34,28,20,17,10,9,35,14,36,36,15,12,10,12,71,20,96,59,91,39,68,13,13,23,23,23,83,67,103,104,123,97,113,105,106,89,104,81,87,87,119,122,119,47,50]} 1. d4 Nf6 2. Bf4 g6 3. e3 Bg7 4. Nf3 O-O 5. c3 d6 6. Bd3 Nbd7 7. Nbd2 a6 8. a4 c5 9. O-O Nh5 10. Bg5 h6 11. Bh4 Nhf6 12. h3 e5 13. dxe5 dxe5 14. Bg3 Re8 15. Ne4 Nxe4 16. Bxe4 Nf6 17. Bc2 Qxd1 18. Rfxd1 e4 19. Nd2 Bf5 20. Nc4 b5 21. Nd6 Red8 22. axb5 axb5 23. Nxb5 Rxa1 24. Rxa1 Be6 25. Nd6 Rb8 26. Nxe4 Rxb2 27. Rc1 Nxe4 28. Bxe4 c4 29. f3 f5 30. Bc6 Kf7 31. Be1 Re2 32. e4 fxe4 33. Bxe4 Be5 34. Kf1 Ra2 35. Bf2 Rd2 36. Be1 Rd6 37. Ke2 1/2-1/2

[Event "26. Offene Hamburger SEM 2019 65+"]
[Site "Hamburg"]
[Date "2019.11.13"]
[Round "3.17"]
[White "Wilke, Wolfgang"]
[Black "Geissler, Karl-Heinz"]
[Result "1/2-1/2"]
[WhiteElo "1605"]
[BlackElo "1504"]
[PlyCount "80"]
[EventDate "2019.??.??"]
[WhiteTeam "SV Grosshansdorf"]
[BlackTeam "Mummelmannsberger SV"]

{[%evp 0,78,19,29,41,43,29,13,50,39,51,58,50,36,26,15,17,2,28,28,52,67,67,60,89,86,114,120,115,101,146,146,151,101,101,88,96,65,62,25,107,77,184,126,134,156,150,150,170,159,151,156,164,156,153,153,196,168,168,108,130,-92,-89,-89,-89,-89,45,-61,-32,-32,45,51,31,31,45,37,51,45,37,-44,51]} 1. e4 e6 2. d4 d5 3. Nd2 dxe4 4. Nxe4 Nd7 5. Nf3 Ngf6 6. Bg5 Be7 7. Bxf6 Nxf6 8. Bd3 Bd7 9. Ne5 h6 10. O-O O-O 11. c3 Rc8 12. Qf3 Ne8 13. Rad1 c6 14. Nc5 Bxc5 15. dxc5 Rc7 16. Bc4 Qe7 17. Rd4 Nf6 18. Rfd1 Be8 19. b4 a6 20. Bb3 Nh7 21. Nc4 Nf6 22. Nd6 Bd7 23. Re1 Bc8 24. Nf5 exf5 25. Rxe7 Rxe7 26. h3 Rfe8 27. Kh2 Nh7 28. c4 g6 29. b5 Ng5 30. Qf4 Ne6 31. Qd2 Nxd4 32. Qxd4 Re4 33. Qf6 R4e6 34. Qd4 Re4 35. Qd6 R4e6 36. Qc7 R6e7 37. Qb6 Re6 38. Qc7 R6e7 39. Qg3 Re6 40. Qf3 Re4 1/2-1/2

[Event "26. Offene Hamburger SEM 2019 65+"]
[Site "Hamburg"]
[Date "2019.11.13"]
[Round "3.18"]
[White "Paulsen, Helmut"]
[Black "Schmeichel, Wolfgang"]
[Result "1-0"]
[WhiteElo "1450"]
[BlackElo "1563"]
[PlyCount "58"]
[EventDate "2019.??.??"]
[WhiteTeam "FC St Pauli 1910 eV SAbt"]
[BlackTeam "SF Wedel eV"]

{[%evp 0,58,19,-56,-54,-61,-46,-41,-41,-80,-63,-61,-47,-47,-47,-56,-52,-46,-36,-35,-37,-34,-13,-24,18,18,32,-28,-19,-19,-17,-17,-3,-17,-1,-16,0,-48,-60,-79,-44,-93,-98,-98,-92,-101,-77,-109,-37,-106,-61,-96,-67,-66,-21,-67,-65,-97,-81,-56,-4]} 1. b4 e5 2. Bb2 Bxb4 3. Bxe5 Nf6 4. e3 Nc6 5. Bb2 d5 6. Nf3 O-O 7. c3 Be7 8. d4 Bf5 9. Nbd2 a6 10. Be2 b5 11. O-O Ne4 12. Nxe4 Bxe4 13. Bd3 Na5 14. Bxe4 dxe4 15. Nd2 Qd5 16. f3 f5 17. Qe2 Bd6 18. a3 exf3 19. Rxf3 Rae8 20. Qd3 Nb3 21. Raf1 Nxd2 22. Qxd2 Qe4 23. Qf2 Re6 24. Rd1 Ref6 25. Bc1 Qc6 26. Qc2 Rg6 27. d5 Qc4 28. Rd4 Qc5 29. Qb3 Be5 1-0

[Event "26. Offene Hamburger SEM 2019 65+"]
[Site "Hamburg"]
[Date "2019.11.13"]
[Round "3.19"]
[White "Werner, Joern"]
[Black "Lohkamp, Rolf"]
[Result "1-0"]
[Annotator "DATA"]
[WhiteElo "1560"]
[BlackElo "1266"]
[PlyCount "97"]
[EventDate "2019.??.??"]
[WhiteTeam "SK Wilhelmsburg 1936 eV"]
[BlackTeam "Hamburger SK von 1830 eV"]

{[%evp 0,59,19,28,60,60,94,90,93,85,86,52,52,36,34,25,48,38,60,-17,-20,-33,-22,-3,3,-1,10,19,32,40,53,-19,-1,-8,-8,-32,-24,-52,-45,-50,39,-42,-42,-64,-7,-47,0,-79,-85,-80,-49,-68,-76,-103,-88,-123,-96,-171,-85,-93,-98,-100]} 1. e4 c6 2. Nc3 g6 3. Nf3 d6 4. Bc4 Nf6 5. d3 Bg7 6. O-O O-O 7. Re1 d5 8. exd5 Nxd5 9. Ne2 Bg4 10. Ng3 Nd7 11. h3 Bxf3 12. Qxf3 Ne5 13. Qe2 Nxc4 14. dxc4 Nc7 15. c3 Ne6 16. Be3 Qc7 17. Rf1 Rad8 18. f4 b6 19. Rf3 Rd7 20. Raf1 f5 21. Kh1 Nc5 22. Bf2 Rf6 23. Qc2 Rfd6 24. Be3 e6 25. b4 Nb7 26. Ne2 c5 27. h4 Qd8 28. Ng1 Rd1 29. Rxd1 Rxd1 30. g3 {Rest der Partie nicht lesbar. Mögliche Fortsetzung:} Rd3 31. Bf2 Rd7 32. Qe2 Re7 33. Re3 Kf7 34. Nf3 Nd6 35. Ng5+ Kg8 36. h5 Qa8+ 37. Kg1 Ne4 38. Nxe4 fxe4 39. Rxe4 Bxc3 40. hxg6 e5 41. bxc5 Qd8 42. Be3 exf4 43. gxh7+ Kh8 44. Rxf4 bxc5 45. Qf3 Rxe3 46. Rf8+ Qxf8 47. Qxf8+ Kxh7 48. Qf7+ Kh8 49. Qh5+ 1-0

[Event "26. Offene Hamburger SEM 2019 65+"]
[Site "Hamburg"]
[Date "2019.11.13"]
[Round "3.20"]
[White "Springer, Wolfgang Wilhelm"]
[Black "Frackowiak, Stanislaw"]
[Result "0-1"]
[WhiteElo "1245"]
[BlackElo "1550"]
[PlyCount "60"]
[EventDate "2019.??.??"]
[WhiteTeam "Hamburger SK von 1830 eV"]
[BlackTeam "Hamburger SK von 1830 eV"]

{[%evp 0,60,17,-1,-1,-1,-1,-8,-8,-27,-16,-16,-23,-7,-15,-3,11,-35,-38,-34,-2,-2,16,16,19,18,28,13,54,54,63,38,76,45,87,61,87,-26,-25,-27,-21,-371,96,-405,-467,-606,-645,-621,-615,-632,-632,-675,-688,-713,-704,-905,-908,-1095,-1140,-1013,-893,-893,-785]} 1. c4 Nc6 2. Nc3 e5 3. Nf3 Nf6 4. g3 Bc5 5. Bg2 O-O 6. O-O d6 7. d3 a5 8. e4 Bg4 9. h3 Bd7 10. Be3 Bxe3 11. fxe3 Qc8 12. Kh2 Rb8 13. d4 exd4 14. exd4 Re8 15. Nh4 Nb4 16. Qe2 Nc6 17. Rad1 Ne7 18. Nd5 Nexd5 19. cxd5 Nxd5 20. Nf5 Nf6 21. Rc1 Bxf5 22. Rxf5 Qxf5 23. Rxc7 Nxe4 24. Qf3 Qxf3 25. Bxf3 d5 26. Bg4 g6 27. Rd7 Nf6 28. Rd6 Nxg4+ 29. hxg4 b6 30. Kh3 Red8 0-1

[Event "26. Offene Hamburger SEM 2019 65+"]
[Site "Hamburg"]
[Date "2019.11.13"]
[Round "3.21"]
[White "Behrensen, Joern"]
[Black "Hofmeier, Arthur"]
[Result "1-0"]
[WhiteElo "1544"]
[BlackElo "1188"]
[PlyCount "73"]
[EventDate "2019.??.??"]
[WhiteTeam "Hamburger SK von 1830 eV"]
[BlackTeam "Hamburger SK von 1830 eV"]

{[%evp 0,64,38,25,27,29,25,10,12,14,14,-5,17,21,11,5,33,30,64,56,37,9,7,8,16,-3,-15,-30,-9,-15,-33,-25,27,34,34,33,13,-8,89,76,461,461,461,589,716,468,536,545,546,583,601,499,499,376,878,916,916,916,916,938,962,898,1369,968,2409,1446,1521]} 1. d4 Nf6 2. Nf3 e6 3. e3 d5 4. Bd3 c5 5. b3 Be7 6. O-O Nc6 7. Bb2 a6 8. Nbd2 b5 9. dxc5 Bxc5 10. a3 Bb7 11. b4 Be7 12. Ne5 O-O 13. f4 Qb6 14. Rf3 Nxe5 15. Bxe5 d4 16. Bxd4 Bxf3 17. Qxf3 Qc7 18. Ne4 Ne8 19. Ng5 Nf6 20. Bxf6 Bxf6 21. Bxh7+ Kh8 22. Qh3 Bxg5 23. fxg5 Rfd8 24. Be4+ Kg8 25. Qh7+ Kf8 26. Bxa8 Rxa8 27. Qh8+ Ke7 28. Qxa8 f6 29. gxf6+ gxf6 30. Qe4 Qc3 31. Rf1 Qxa3 32. Qd4 f5 33. Qg7+ Ke8 34. c3 Qb3 35. Qe5 Kf7 36. e4 Qc4 37. exf5 1-0

[Event "26. Offene Hamburger SEM 2019 65+"]
[Site "Hamburg"]
[Date "2019.11.13"]
[Round "3.22"]
[White "Thomann, Reinhard"]
[Black "Flader, Willi"]
[Result "0-1"]
[WhiteElo "1050"]
[BlackElo "1319"]
[PlyCount "97"]
[EventDate "2019.??.??"]
[WhiteTeam "SchVgg Blankenese von 1923 eV"]
[BlackTeam "SC Schwarz-Weiss Harburg"]

{[%evp 0,70,19,23,38,30,86,40,78,54,64,53,30,-12,-4,-11,-40,-51,12,-90,-100,-102,5,-44,-32,-52,-18,-16,-16,-18,14,-59,35,2,31,-60,21,-40,0,-252,-278,-278,-220,-332,-361,-463,-443,-485,-187,-168,-175,-165,395,-86,690,-154,-154,-153,-160,-161,-146,-157,-181,-212,-192,-365,-195,-196,-40,-657,-657,-649,-300]} 1. d4 e6 2. Nc3 c5 3. Nf3 a6 4. e3 b5 5. a3 Bb7 6. Ne5 Nf6 7. Be2 Bxg2 8. Rg1 Bh3 9. Bg4 Bxg4 10. Nxg4 c4 11. Qf3 Nc6 12. Bd2 Be7 13. Ne5 O-O 14. O-O-O Rc8 15. Qh3 a5 16. Qh6 Ne8 17. Rg3 Kh8 18. Qh5 g6 19. Nxg6+ fxg6 20. Rxg6 Nf6 21. Qh3 b4 22. Rdg1 bxc3 23. Bxc3 Rg8 24. d5 Rxg6 25. Rxg6 Na7 26. Qh4 exd5 27. Bxf6+ Bxf6 28. Rxf6 Rc6 29. Rf4 Qxh4 30. Rxh4 Nb5 31. f4 Re6 32. Kd2 Rg6 33. Rh5 Kg7 34. Rg5 Rxg5 35. fxg5 Nc7 36. h4 Kg6 37. Ke2 Kh5 38. Kf3 Kxh4 39. Kf4 Ne6+ 40. Ke5 Nxg5 41. Kxd5 Kg4 42. e4 Kf4 43. e5 Kf5 44. Kxc4 Kxe5 45. Kb5 Ne6 46. Kxa5 d5 47. b4 Nd8 48. Kb6 Kd6 49. b5 0-1